Quality circles : A practical guide

Bibliographic Details
Main Author: Robson, Mike
Format: Book
Published: Aldershot, Hants : Gower , 1982
Subjects:

MARC

LEADER 00000cam a2200000 7i4500
001 0000004118
005 20050429.0
040 |a INS 
090 0 0 |a HD66.   |b R6 1982 
100 1 |a Robson, Mike 
245 1 0 |a Quality circles :   |b A practical guide   |c Mike Robson 
260 |a Aldershot, Hants :   |b Gower ,   |c 1982 
300 |a 204p. ;   |c 21 cm. 
650 0 0 |a Quality control 
999 |a 0000002026   |b BOOK   |c Open Shelf   |e Default branch